000 00347 a2200157 4500
001 73148
020 _a9788516055080
040 _cAnchieta - Colégio São Paulo
100 _aDanelli, Sônia Cunha de S.
240 1 0 _aGeografia
_lpor
245 1 0 _aGeografia
300 _a216
362 0 _a2007
650 4 _aGeografia e viagens
942 _cBK
999 _c73148
_d73148